| 000 | 00706nam a2200205 u 4500 | ||
|---|---|---|---|
| 001 | 000510790 | ||
| 003 | AM-YeHGA | ||
| 005 | 20250617134906.0 | ||
| 008 | 061124s1938 ru ||| |||||||||||||rus|d | ||
| 040 | _aAM-YeHGA | ||
| 041 | 0 | _arus | |
| 100 | 1 | _aФренкель, Я. | |
| 245 | 1 | 0 |
_aШопен : _bПопулярная монография / _cЯ. Френкель. |
| 260 |
_aМосква : _bИскусство, _c1938. |
||
| 300 |
_a144 с. : _bпортр., ил., нот. ил. |
||
| 600 | 1 | 4 |
_aШопен, Фридерик Францишек _d1810-1849 |
| 650 | 1 | 4 | _aКомпозиторы польские |
| 650 | 1 | 4 |
_aМузыкальная культура _zПольша |
| 090 | _c191288 | ||
| 999 |
_c189820 _d189820 |
||